00860nam a2200241 a 450000100060000000300080000600500170001400800410003103500190007204000390009104100130013008200310014310000560017424501280023025000120035826000680037030000170043850400500045550500140050560000470051965000260056670000260059276090BD-RjUL20211209082804.0191024m19711962pk 001 0beng d a(BD-RjUL)76310 aDLCcDHUdOCoLCdDLCdBD-RjULbeng1 aenghara a297.648bNUO 1962-19712231 aNuʻmani, Shams-ul-Ulama Allama Shibli d1857-1914.10aOmar the Great :b(The second Caliph of Islam) /cby Shams-ul-Ulama Allama Shibli Nuʻmani ; translated by Muhammad Saleem a1st ed. aLahore (Pakistan) :bSh. M. Ashraf,c1957 [Reprinted 1962,1971] av. ;c22 cm. aIncludes Bibliographical footnotes and index.0 avol. 2 --00aʻUmar ibn al-Khaṭṭāb,cCaliphd644. aSahabah (Comapanions) aSaleem, Muhammad, tr.